| 000 | 00493nam a2200205Ia 4500 | ||
|---|---|---|---|
| 003 | OSt | ||
| 005 | 20250916154813.0 | ||
| 008 | 210210b2006 xxu||||| |||| 00| 0 eng d | ||
| 020 | _a8125027769 | ||
| 040 | _cAL | ||
| 041 | _aeng | ||
| 082 | _a294.5 MICH | ||
| 100 |
_aAxel Michaels _9238860 |
||
| 245 |
_aHinduism _b: past and present |
||
| 260 |
_aHyderabad _bOrient Longman Pvt Ltd. _c2006 |
||
| 300 | _axvii,429p | ||
| 690 |
_aHinduism _9238863 |
||
| 906 | _a065512 | ||
| 942 |
_2ddc _cBK |
||
| 999 |
_c143096 _d143096 |
||